Music Quiz

Random Music or Kpop Quiz

My most listened songs of august 2019 Quiz Stats

 Plays Quiz not verified by Sporcle

Score 0/100 Timer 10:00
0 Plays Today
#. song artist % Correct
95. up & downexid
94.9%
94. shoot meday6
90.9%
86. movetaemin
90.9%
55. love scenarioikon
90.9%
54. what is love?twice
90.9%
53. clapseventeen
90.9%
7. overdoseexo
90.9%
18. love shotexo
90.9%
77. very niceseventeen
89.9%
60. dalla dallaitzy
89.9%
57. energeticwanna one
89.9%
9. mirohstray kids
89.9%
4. icyitzy
89.9%
26. fancytwice
89.9%
13. hellevatorstray kids
89.9%
14. side effectsstray kids
89.9%
82. really reallywinner
88.9%
74. my pacestray kids
88.9%
66. latata(g)i-dle
87.9%
65. boomerangwanna one
87.9%
61. umpah umpahred velvet
87.9%
43. killing meikon
87.9%
20. chained upvixx
87.9%
84. kiss and make updua lipa and blackpink
86.9%
71. crazy sexy coolastro
86.9%
80. bomb bombkard
85.9%
76. oh my!seventeen
85.9%
52. adioseverglow
85.9%
49. noclc
85.9%
36. cactusa.c.e
85.9%
1. hitseventeen
85.9%
79. ladyexid
83.8%
64. viewshinee
83.8%
23. wanttaemin
83.8%
#. song artist % Correct
21. boomnct dream
83.8%
31. getting closerseventeen
82.8%
11. bet betnu’est
82.8%
25. under covera.c.e
81.8%
73. now or neversf9
80.8%
68. all nightastro
80.8%
12. hi highloona
80.8%
88. i love youexid
79.8%
45. badinfinite
79.8%
90. fun!fromis_9
78.8%
92. giddy upthe boyz
78.8%
72. dejavunu’est w
78.8%
67. twilightoneus
77.8%
63. not that typegugudan
77.8%
51. bloom bloomthe boyz
77.8%
29. fevergfriend
77.8%
37. lil’ touchgirls’ generation-oh!gg
74.7%
10. honeymoonb.a.p
73.7%
50. sunrisegfriend
72.7%
78. d.d.dthe boyz
71.7%
2. eoeouniq
71.7%
8. facenu’est
71.7%
41. flashx1
71.7%
48. room shakerailee
70.7%
85. the fifth season (sswfl)oh my girl
69.7%
38. tell me what to doshinee
68.7%
27. no onelee hi
68.7%
5. woowadia
67.7%
34. who do u love?monsta x
67.7%
28. x1-maproduce x 101
66.7%
70. callin’a.c.e
63.6%
39. favoriteloona
63.6%
83. always youastro
62.6%
62. wowbtob
59.6%
#. song artist % Correct
35. breakthroughtwice
59.6%
69. transformerexo
57.6%
19. gleammamamoo
57.6%
6. one of those nightskey (feat. crush)
57.6%
3. universeminhyun
55.6%
87. i’m seriousday6
51.5%
46. completeonf
49.5%
30. we must loveonf
48.5%
17. spotlight1the9
48.5%
44. kingdom comered velvet
45.5%
24. give me morevav
45.5%
97. gravityexo
44.4%
96. 24/7exo
42.4%
47. famoustaemin
41.4%
89. what u do?exo
39.4%
15. movesixc (pdx101)
37.4%
58. been throughexo
36.4%
59. nananaimfact
35.4%
100. newloona / yves
34.3%
93. feeling goodday6
25.3%
81. stuck in my headtwice
22.2%
16. segnonu’est
20.2%
99. colorsloona
18.2%
91. bingbingoneus
15.2%
22. play hardsf9
14.1%
33. best partday6
13.1%
40. see u tomorrowsf9
12.1%
42. the onecix
8.1%
32. imaginecix
7.1%
98. this lifekey
6.1%
75. thirstylusty
5.1%
56. differentnu’est
4%

You're not logged in!

Compare scores with friends on all Sporcle quizzes.
OR
Log In

Sporcle TV

Today on Sporcle TV


Watch our educational content, quiz creation guides, and fun videos on Sporcle TV.

Show Comments

Extras

Top Quizzes Today


Score Distribution

Your Account Isn't Verified!

In order to create a playlist on Sporcle, you need to verify the email address you used during registration. Go to your Sporcle Settings to finish the process.

Report this User

Report this user for behavior that violates our Community Guidelines.

Details: